Statistics for Best NBA Player By Height (2012-2013)

Click here to take the quiz!

General Stats

  • This quiz has been taken 487 times
    (482 since last reset)
  • The average score is 7 of 15

Answer Stats

HeightPlayer% Correct
6.8LeBron James
94%
6.5James Harden
81%
6.9Kevin Durant
72%
6.0Chris Paul
62%
6.6Kobe Bryant
61%
6.11Dwight Howard
52%
6.4Dwyane Wade
49%
7.0Dirk Nowitzki
45%
6.3Derrick Rose
40%
6.7Joe Johnson
39%
6.2Tony Parker
19%
6.10Kevin Love
18%
6.1Rajon Rondo
16%
Above 7.0Roy Hibbert
12%
Below 6.0Ty Lawson
9%

Score Distribution

Percentile by Number Answered

Percent of People with Each Score

Your Score History

You have not taken this quiz since the last reset